000 00684nam a2200193Ia 4500
003 GCL
008 140319s9999 xx 000 0 ara d
040 _aGCL /
_cGCL
082 0 4 _a921.1
_bن ر
100 1 _aنجيب زبيب
245 1 0 _aابن رشد :
_bالفيلسوف العربى الذى هزت آراؤه محافل أوروبا /
_cنجيب زبيب
260 _aبيروت :
_bدار الهادى ،
_c2004
300 _a111 ص ؛
_c20 سم
490 _aتراجم العظماء
_v0
650 0 4 _aالفلاسفة المسلمون
650 0 4 _aالفلاسفة العرب
650 0 4 _aابن رشد، ابوالوليد محمد بن احمد
942 _2ddc
_cBK
999 _c6397
_d6397